000 00215 a2200097 4500
001 27336
100 _aAhmed, S
245 _aLaw and constitution
260 _a
_bCultural Heritage Service
_c
090 _c18162
_d18162
942 _aNUST-CAE
_cM
_c9072
999 _c262409
_d262409